| 000 | 01830cam a2200301 4500 | ||
|---|---|---|---|
| 001 | ##L133744 | ||
| 008 | 060607n2006 000 0 eng u | ||
| 020 | _a0110745752 | ||
| 035 | _a(Sirsi) u133744 | ||
| 041 | 0 | _aeng | |
| 245 | 0 | 4 | _aThe Planning (Listed Buildings, Conservation Areas and Hazardous Substances) (Amendment) (England) Regulations 2006 |
| 260 |
_aLondon _bTSO _c2006 |
||
| 490 | 0 |
_aSI _v2006: 1283 |
|
| 520 | _aAmend the Planning (Hazardous Substances) Act 1990 to prescribe the publicity requirements in respect of urgent applications made directly to the SoS for works to buildings on Crown land which are listed or are in conservation areas. Also amend the Planning (Hazardous Substances) Regulations 1992 to prescribe the form and content of a claim made for deemed hazardous substances consent in relation to hazardous substances present on Crown land and the conditions to which a deemed consent will be subject. | ||
| 590 | _aIKA200606 | ||
| 650 | 2 | 4 | _aPLANNING AND COMPULSORY PURCHASE ACT 2004 S83B |
| 650 | 2 | 4 | _aPLANNING (LISTED BUILDINGS AND CONSERVATION AREAS) ACT 1990 S82 |
| 650 | 2 | 4 | _aPLANNING AND COMPULSORY PURCHASE ACT 2004 S79 |
| 650 | 2 | 4 | _aPLANNING (HAZARDOUS SUBSTANCES) ACT 1990 S30B |
| 650 | 2 | 4 | _aPLANNING AND COMPULSORY PURCHASE ACT 2004 PART VII |
| 650 | 2 | 4 | _aPLANNING (HAZARDOUS SUBSTANCES) REGULATIONS 1992 |
| 650 | 2 | 4 | _aPLANNING (LISTED BUILDINGS, CONSERVATION AREAS AND HAZARDOUS SUBSTANCES) (AMENDMENT) (ENGLAND) REGULATIONS 2006 |
| 650 | 2 | 4 | _aPLANNING AND COMPULSORY PURCHASE ACT 2004 |
| 651 | 4 |
_aEngland _y886- |
|
| 690 | _aENVIRONMENTAL AND LAND CONSULTANCY-PLANNING AND DEVELOPMENT-DEVELOPMENT CONTROL-PLANNING ENFORCEMENT | ||
| 856 | 4 | 0 |
_uhttps://www.opsi.gov.uk/si/si2006/20061283.htm _zView the Regulations free of charge at www.opsi.gov.uk... |
| 942 | _n0 | ||
| 999 |
_c105466 _d105466 |
||